Statistiche per Lingue più parlate al mondo

Clicka qui per fare il quiz!

Statistiche generali

  • Questo quiz è stato fatto 55 volte
  • Il punteggio medio è 10 su 15

Statistiche sulle risposte

Madrelingua (L1) (milioni)Stati principali
in cui viene parlata come madrelingua
Lingua% Corretto
939Cina, Taiwan, Malaysia, Singapore, Indonesia, Canada, Stati Uniti d'AmericaCinese Mandarino
100%
380Stati Uniti d'America, Nigeria, Regno Unito, Canada, Australia, Sudafrica, Nuova Zelanda, Kenya, Irlanda, Gambia, Zimbabwe, Trinidad e Tobago, Barbados, Singapore, Namibia, Sri Lanka, Liberia, Bermuda, Papua Nuova Guinea, Zambia, Giamaica, Malawi, Malta, Hong Kong, Cina, India,GhanaInglese
100%
485Spagna, Messico, Stati Uniti d'America, Colombia, Argentina, Venezuela, Perù, Paraguay, Cile, Cuba, Ecuador, Repubblica Dominicana, El Salvador, Honduras, Belize, Guatemala, Nicaragua, Bolivia, Porto Rico, Costa Rica, Uruguay, Panama, Guinea Equatoriale, AndorraSpagnolo
100%
236Brasile, Portogallo, Angola, Mozambico, Uruguay (Portuñol), Capo Verde, São Tomé e Príncipe, Guinea Equatoriale, Guinea-Bissau, Macao (Cina), Goa (India), Timor EstPortoghese
96%
123Giappone, Filippine, Corea del Sud, Russia, Stati Uniti d'America, BrasileGiapponese
87%
147Russia, Ucraina, Kazakistan, Uzbekistan, Kirghizistan, Bielorussia, Moldavia, Azerbaigian, Israele, Georgia, Turkmenistan, Tagikistan, ArmeniaRusso
87%
81,7Corea del Sud, Corea del Nord, Cina, KazakistanCoreano
83%
84Turchia, Germania, Bulgaria, Macedonia del Nord, Cipro, Grecia, Azerbaigian, FranciaTurco
81%
85VietnamVietnamita
81%
345India, Pakistan, Bangladesh, Arabia Saudita, Sudafrica, Figi, Guyana, MauritiusHindi
66%
86,1Cina (Guangdong), Hong Kong, Macao, SingaporeYue
34%
234Bangladesh, India, Emirati Arabi Uniti, Arabia SauditaBengali
28%
83,4CinaWu
13%
83,2IndiaMarathi
11%
83IndiaTelugu
4%

Distribuzione punteggi

Percentile per numero di risposta

Percentuale di utenti per punteggio

I tuoi punteggi nel tempo

Non hai fatto questo quiz